Statistiques concernant Capitales des pays qui commencent par K

Cliquez ici pour prendre le quiz!

Statistiques générales

  • Ce quiz a été pris 87 fois
  • Le résultat moyen est 4 sur 6

Statistiques - réponses

K Pays Capitale % Correct
KoweïtKoweït
94%
KenyaNairobi
89%
KazakhstanAstana
79%
KosovoPristina
77%
KirghizistanBichkek
61%
KiribatiTarawa-Sud
27%

Distribution des résultats

Percentile by Number Answered

% des personnes avec chaque résultat

Votre développement - résultats

Vous n’avez pas pris ce quiz